000 04171nab a2200349 i 4500
003 BR-BrBNA
005 20240920101751.0
008 240920b2018 bl.|r|pooa||| 00| 0 por |
040 _aBR-BrBNA
_bpor
072 _aL10
_b6100
100 _aCarvalho, D.A.
100 _aBonafé, C.M.
100 _aRodriguez-Rodriguez, M.D.P.
100 _aAlmeida, M.J.O.
100 _aSarmento, J.L.R.
100 _aBritto, F.B.
100 _aSilva, M.A.
245 _aVariabilidade genética de 12 loci de microssatélites em galinhas crioulas Canela-Preta
500 _aPublicação online; 22 ref.; Summaries (En, Pt)
520 _a RESUMO - Esta pesquisa foi realizada com o objetivo de se conhecer a variabilidade genética de 12 loci de microssatélites em galinhas crioulas Canela-Preta. Foram coletadas amostras de sangue de 118 galinhas crioulas Canela-Preta, provenientes de três municípios do estado do Piauí (Oeiras, Queimada Nova e Teresina). Após extração do DNA, foram utilizados marcadores para 12 loci de microssatélites: LEI0192, LEI0209, LEI0212, LEI0217, LEI0221, LEI0234, LEI0237, LEI0248, LEI0258, MCW0081, MCW0183 e MCW0213, que foram amplificados pela técnica de reação em cadeia da polimerase (PCR). Foram obtidos 408 alelos (somando os alelos dos 12 loci), com os fragmentos variando entre 50 e 460 pares de bases. O número de alelos variou de 15 (MCW0081) a 52 (LEI0212), com média de 31,5 alelos por locus. A média de heterozigosidade esperada e o conteúdo de informações polimórficas foram, respectivamente, 0,887 e 0,909. Foram observados desvios no equilíbrio de Hardy-Weinberg e valores positivos do índice de fixação com excesso de homozigotos. Os microssatélites utilizados mostraram-se polimórficos e podem ser usados para investigações genéticas em galinhas Canela-Preta. As galinhas dos plantéis avaliados apresentam grande variabilidade gênica, o que as qualifica como importante fonte de recursos genéticos e, consequentemente, faculta a utilização delas em programas de melhoramento genético animal. Palavras-chave: alelos, crioula, Gallus gallus, polimorfismo, Simple Sequence Repeats - SSR
520 _a ABSTRACT - The aim of this study was to analyze the genetic variability of twelve microsatellite loci in native Canela-Preta chickens. Blood samples were collected from 118 chickens of the breed from five properties in three cities (Oeiras, Queimada Nova and Teresina) of Piauí state. After the DNA extraction, markers were used for twelve microsatellite loci: LEI0192, LEI0209, LEI0212, LEI0217, LEI0221, LEI0234, LEI0237, LEI0248, LEI0258, MCW0081, MCW0183, and MCW0213 that were amplified by polymerase chain reaction technique (PCR). The results showed a total of 408 alleles (adding alleles from the 12 loci) with the fragments ranging between 50 and 460 base pairs, the number of alleles ranged from 15 (MCW0081) to 52 (LEI0212) with an average of 31,5 alleles per locus. The average expected heterozygosity and PIC were, respectively, 0.887 and 0.909. Deviations were observed in the Hardy-Weinberg equilibrium and positive values of the fixation index with excess of homozygotes. It is concluded that the used microsatellites are polymorphic and can, therefore, be used for genetic research in Canela-Preta chickens. The birds of the analyzed cores present great genetic variability, which qualifies them as an important source of genetic resources, which could be used for future animal breeding programs. Keywords: allele, crioula, Gallus gallus, Polymorphism, Simple Sequence Repeats – SSR
650 _aGALINHA
650 _aSELEÇÃO
650 _aGENE
650 _aMARCADOR GENÉTICO
650 _aVARIAÇÃO GENÉTICA
650 _aPOLIMORFISMO
773 0 _01643
_9318020
_dBelo Horizonte-MG Universidade Federal de Minas Gerais - Escola de Veterinaria 1983
_o2024-4754
_tArquivo Brasileiro de Medicina Veterinária e Zootecnia (Brazil)
_x0102-0935
_gv. 70(4) p. 1275-1281; (2018)
_wBR2024002498
856 _uhttps://www.scielo.br/j/abmvz/a/L8YB6K5zd3ttfh7vCLRwYhS/?format=pdf&lang=pt
942 _cANA
999 _c327731
_d327731